000 00751nam a2200217Ii 4500
001 23026
003 CO-ViMGA
008 241108s9999||||xx |||||||||||||| ||und||
020 _a9789585357563
040 _aCO-ViMGA
_bspa
_erda
_cCO-ViMGA
041 0 _aspa
084 _aNG VAL22h
100 1 _aValencia Villa, Alejandro,
_d1963-
_952496
245 1 0 _aHasta que honremos la vida :
_breconocimiento de las ejecuciones extrajudiciales en Colombia
264 1 _aBogotá, Colombia : Comisión de la Verdad : PNUD : Taller Creativo de Aleida Sánchez B., 2021
300 _avolumen
336 _atext
_btxt
_2rdacontent
337 _aunmediated
_bn
_2rdamedia
338 _avolume
_bnc
_2rdacarrier
940 _aidficha_siabuc: 21938. -- ficha_no_siabuc:23026
999 _c47283
_d47283